| 000 | 00782cam a22002655a 4500 | ||
|---|---|---|---|
| 008 | 110517s2008 xxk f 000 0 eng d | ||
| 020 | _a9780727740403 | ||
| 035 | _a(Sirsi) u152946 | ||
| 041 | _aeng | ||
| 050 | _a624 | ||
| 110 |
_aInstitution of Civil Engineers _91402 |
||
| 245 |
_aCivil engineering procedure _h[electronic resource] |
||
| 250 | _a6th ed. | ||
| 260 |
_aLondon _bThomas Telford _c2008 |
||
| 300 | _aeBook | ||
| 350 | _a10.5 | ||
| 650 | _aCIVIL ENGINEERING PROCEDURE | ||
| 650 | _aCIVIL ENGINEERING | ||
| 650 | _aENGINEERING CONTRACTS | ||
| 651 | 4 | _aENGLAND AND WALES | |
| 690 | _aBUILT ENVIRONMENT | ||
| 856 | 4 | 0 |
_uhttps://www.vlebooks.com/ _zView on VLEbooks. Logins for members only from [email protected] |
| 942 | _n0 | ||
| 948 | _c04/03/1997 | ||
| 999 |
_c112287 _d112287 |
||